Watts pocket handbook 2016 (Record no. 115813)

MARC details
000 -LEADER
fixed length control field 01050cam a22002895a 4500
001 - CONTROL NUMBER
control field L159334
008 - FIXED-LENGTH DATA ELEMENTS--GENERAL INFORMATION
fixed length control field 160830s2016 xxk f 001 0 eng d
020 ## - INTERNATIONAL STANDARD BOOK NUMBER
International Standard Book Number 9781315619583
035 ## - SYSTEM CONTROL NUMBER
System control number (Sirsi) u159334
041 0# - LANGUAGE CODE
Language code of text/sound track or separate title eng
050 04 - LIBRARY OF CONGRESS CALL NUMBER
Classification number 690.2 $2 18
110 2# - MAIN ENTRY--CORPORATE NAME
Corporate name or jurisdiction name as entry element Watts Group Plc
9 (RLIN) 5510
245 00 - TITLE STATEMENT
Title Watts pocket handbook 2016
Medium [electronic resource]
250 ## - EDITION STATEMENT
Edition statement 29th ed.
260 ## - PUBLICATION, DISTRIBUTION, ETC.
Place of publication, distribution, etc. London
Name of publisher, distributor, etc. Routledge
Date of publication, distribution, etc. 2016
300 ## - PHYSICAL DESCRIPTION
Extent 323p.
Dimensions 18cm.
520 ## - SUMMARY, ETC.
Summary, etc. Provides an overview and a useful point of reference on property and construction related topics. Covers property investment and ownership, development, procurement, legislation, building materials, defects, cladding and sustainability.
520 ## - SUMMARY, ETC.
Summary, etc. Supersedes 28th edition ISBN 9781842197257
521 ## - TARGET AUDIENCE NOTE
Target audience note Advanced
590 ## - LOCAL NOTE (RLIN)
Local note KA
651 #4 - SUBJECT ADDED ENTRY--GEOGRAPHIC NAME
Geographic name United Kingdom
Chronological subdivision
690 ## - LOCAL SUBJECT ADDED ENTRY--TOPICAL TERM (OCLC, RLIN)
Topical term or geographic name as entry element BUILT ENVIRONMENT
690 ## - LOCAL SUBJECT ADDED ENTRY--TOPICAL TERM (OCLC, RLIN)
Topical term or geographic name as entry element PROPERTY
690 ## - LOCAL SUBJECT ADDED ENTRY--TOPICAL TERM (OCLC, RLIN)
Topical term or geographic name as entry element SUSTAINABILITY
9 (RLIN) 6271
856 40 - ELECTRONIC LOCATION AND ACCESS
Uniform Resource Identifier <a href="https://www.vlebooks.com/">https://www.vlebooks.com/</a>
Public note View on VLEbooks. Logins for members only from [email protected]
942 ## - ADDED ENTRY ELEMENTS (KOHA)
Suppress in OPAC 0
Holdings
Withdrawn status Lost status Source of classification or shelving scheme Damaged status Not for loan Home library Current library Shelving location Date acquired Total Checkouts Full call number Barcode Date last seen Copy number Price effective from Koha item type
    Dewey Decimal Classification     Archives Archives Basement 30/08/2016   BASEMENT 690.2 WAT 30078320 18/06/2025 1 06/08/2019 Book
    Dewey Decimal Classification     Virtual Virtual Online 02/09/2016   EBOOK 159334-2001 06/08/2019 1 06/08/2019 Book